000 01057nam a22003017a 4500
001 7725
003 FISKH
005 20250829143513.0
008 250801b cb ||||| |||| 00| 0 eng d
020 _a9780516278162
040 _aFISKH
_beng
_cFISKH
_dFISKH
050 _aSB63.C46 D58
082 _a634.11
100 _aDitchfield, Christin
245 _aJohnny appleseed /
_cBy Christin Ditchfield
260 _aNew York :
_bChildren's Press ,
_c2003.
300 _a31 pages :
_bcolor illustrations ;
_c18 cm .
490 _aRookie biographies
505 _aJ
520 _aPresents a brief biography of John Chapman, the man who planted thousands of apple seeds in the early nineteenth century.
521 8 _a500
_bLexile estimate
521 8 _aJ
_bRAz-Plus
650 _aAppleseed, Johnny, 1774-1845
_vJuvenile Literature
650 _aApple growers- United Stateds- Biography
_vJuvenile Literature
650 _aFrontier and pioneer life- Middle West
_vJuvenile Literature
942 _2ddc
_cBK
_n0
999 _c7725
_d7725